000 00339 a2200169 4500
001 189813
020 _a978-85-260-1684-2
040 _cMagnum
100 _aBandeira, Manuel
240 1 0 _aOs sinos
_lpor
245 1 0 _aOs sinos
300 _a23
362 0 _a2012
440 1 _aGlobal
697 _aLITERATURA INFANTIL
942 _cBK
999 _c189813
_d189813